[Event "44th World U20 ch"]
[Site "Istanbul TUR"]
[Date "2005.11.22"]
[Round "13.14"]
[White "Esen, Baris"]
[Black "Sanikidze, Tornike"]
[Result "1/2-1/2"]
[WhiteElo "2384"]
[BlackElo "2411"]
[EventDate "2005.11.09"]
[PlyCount "29"]

1.d4 Nf6 2.c4 g6 3.Nc3 d5 4.Nf3 Bg7 5.Qa4+ Bd7 6.Qb3 dxc4 7.Qxc4 O-O 8.Bf4
Na6 9.e4 c5 10.e5 Nh5 11.Be3 cxd4 12.Qxd4 Bc6 13.Be2 Qa5 14.O-O Bxf3 15.
Bxf3 1/2-1/2

[Event "44th World U20 ch"]
[Site "Istanbul TUR"]
[Date "2005.11.22"]
[Round "13.15"]
[White "Rohit, Gogineni"]
[Black "Zhigalko, Andrei"]
[Result "1/2-1/2"]
[WhiteElo "2401"]
[BlackElo "2537"]
[EventDate "2005.11.09"]
[PlyCount "76"]

1.e4 c5 2.Nf3 d6 3.d4 cxd4 4.Nxd4 Nf6 5.Nc3 a6 6.Be3 e5 7.Nb3 Be6 8.f3 Be7
9.Qd2 Nbd7 10.g4 b5 11.g5 b4 12.Ne2 Nh5 13.Ng3 Nf4 14.Bxf4 exf4 15.Nh5 
Bxb3 16.axb3 g6 17.Nxf4 Ne5 18.Qxb4 Bxg5 19.Nd5 Nxf3+ 20.Kf2 Ne5 21.Qb6 
Bh4+ 22.Ke2 Qg5 23.Nc7+ Kd7 24.Nxa8 Qg4+ 25.Kd2 Bg5+ 26.Kc3 Rc8+ 27.Kb4 
Qxe4+ 28.Ka3 Rxa8 29.Rd1 Be7 30.Ka2 Ke8 31.Kb1 Kf8 32.Qg1 Rc8 33.Qg2 Qb4 
34.Qd5 a5 35.Bh3 Rc5 36.Qd4 Qb7 37.Rhf1 Kg8 38.Rf2 Kg7 1/2-1/2

[Event "44th World U20 ch"]
[Site "Istanbul TUR"]
[Date "2005.11.22"]
[Round "13.18"]
[White "Jojua, Davit"]
[Black "Lenic, Luka"]
[Result "1/2-1/2"]
[WhiteElo "2337"]
[BlackElo "2476"]
[EventDate "2005.11.09"]
[PlyCount "134"]

1.d4 Nf6 2.c4 g6 3.Nc3 Bg7 4.e4 O-O 5.Nf3 d6 6.h3 e5 7.d5 Nh5 8.Nh2 a5 9.
g3 Na6 10.Be2 Nf6 11.Ng4 Nc5 12.Nxf6+ Qxf6 13.h4 Qe7 14.h5 f5 15.hxg6 hxg6
16.exf5 gxf5 17.Qc2 a4 18.Bh6 Bxh6 19.Rxh6 Kg7 20.Rh4 Bd7 21.O-O-O Rh8 22.
Rdh1 Rxh4 23.Rxh4 Qf6 24.Bd1 Qg5+ 25.Kb1 Rh8 26.Rxh8 Kxh8 27.Qe2 Kg7 28.
Bc2 Qh6 29.b4 axb3 30.axb3 f4 31.gxf4 Qxf4 32.f3 Qg5 33.Kb2 Na6 34.Qe4 Kf8
35.Qh7 Be8 36.Ne4 Qh5 37.Qxh5 Bxh5 38.Ng5 Ke7 39.Kc3 Nc5 40.b4 Nd7 41.Be4 
Bf7 42.Ne6 Bxe6 43.dxe6 Nf8 44.Bxb7 Nxe6 45.Kd3 Kd7 46.Be4 Nf4+ 47.Ke3 c6 
48.Bc2 d5 49.cxd5 cxd5 50.Bb3 Kd6 51.Bd1 Ne6 52.Be2 Kc6 53.Bd1 Nd4 54.Ba4+
Kd6 55.Bd1 Ne6 56.Be2 Nf4 57.Bd1 d4+ 58.Ke4 Ne6 59.Be2 Ng5+ 60.Kf5 Nh3 61.
Bd1 d3 62.b5 Nf2 63.Bb3 Kc5 64.Kxe5 Kxb5 65.Kd4 Kb4 66.Bd1 Nxd1 67.Kxd3 
Kc5 1/2-1/2

[Event "44th World U20 ch"]
[Site "Istanbul TUR"]
[Date "2005.11.22"]
[Round "13.19"]
[White "Kuderinov, Kirill"]
[Black "Tikkanen, Hans"]
[Result "1-0"]
[WhiteElo "2432"]
[BlackElo "2343"]
[EventDate "2005.11.09"]
[PlyCount "71"]

1.e4 g6 2.Nc3 Bg7 3.h4 Nf6 4.e5 Ng8 5.f4 d6 6.d4 h5 7.Nf3 Bg4 8.Be2 Nh6 9.
Be3 Nf5 10.Bf2 e6 11.Ng5 Bxe2 12.Qxe2 c6 13.O-O-O d5 14.g4 Ne7 15.gxh5 
Rxh5 16.Qg4 Qa5 17.Kb1 Nd7 18.Ne2 Nb6 19.Ng3 Rh6 20.h5 Nc4 21.b3 Na3+ 22.
Kb2 b5 23.Be1 b4 24.hxg6 Rxg6 25.f5 exf5 26.Nxf5 Nxc2 27.Nxg7+ Rxg7 28.
Rh8+ Ng8 29.Qf5 Kd8 30.Qf6+ Kc7 31.Qxg7 Ne3 32.Rc1 Qa3+ 33.Kb1 Nc4 34.Rxc4
dxc4 35.Qxf7+ Ne7 36.Qxe7+ 1-0

[Event "44th World U20 ch"]
[Site "Istanbul TUR"]
[Date "2005.11.22"]
[Round "13.20"]
[White "Babuian, Levon"]
[Black "Sulashvili, Malkhas"]
[Result "0-1"]
[WhiteElo "2429"]
[BlackElo "2386"]
[EventDate "2005.11.09"]
[PlyCount "54"]

1.Nc3 d5 2.Nf3 c5 3.e4 d4 4.Ne2 Nc6 5.Ng3 g6 6.Bb5 Bd7 7.c4 Bg7 8.d3 e5 9.
Bd2 Nge7 10.Rc1 Nb4 11.Bxd7+ Qxd7 12.Bxb4 cxb4 13.a3 Nc6 14.O-O O-O 15.
axb4 Nxb4 16.Qd2 a5 17.Ne1 Rfc8 18.Qe2 b5 19.b3 Bf8 20.f4 a4 21.bxa4 bxc4 
22.fxe5 c3 23.Rf4 Ra5 24.Nc2 Rca8 25.Qf3 Bg7 26.Kh1 h6 27.h4 Rxa4 0-1

[Event "44th World U20 ch"]
[Site "Istanbul TUR"]
[Date "2005.11.22"]
[Round "13.21"]
[White "Macak, Stefan"]
[Black "Terrieux, Kevin"]
[Result "1-0"]
[WhiteElo "2319"]
[BlackElo "2365"]
[EventDate "2005.11.09"]
[PlyCount "78"]

1.e4 c5 2.Nf3 Nc6 3.d4 cxd4 4.Nxd4 Nf6 5.Nc3 e5 6.Ndb5 d6 7.Bg5 a6 8.Na3 
b5 9.Bxf6 gxf6 10.Nd5 f5 11.Bd3 Be6 12.O-O Bxd5 13.exd5 Ne7 14.c3 Bg7 15.
Qh5 e4 16.Bc2 O-O 17.Rae1 Qc8 18.Kh1 b4 19.cxb4 Rb8 20.b3 Rxb4 21.Nc4 Nxd5
22.a3 Rb5 23.Nxd6 Qxc2 24.Nxb5 axb5 25.Qxf5 Qxb3 26.Qxe4 Nc3 27.Qc6 Qc4 
28.Qd7 Ne4 29.f3 Nc5 30.Qd6 Ne6 31.Rc1 Qd4 32.Qc6 Qa4 33.Rb1 Nd4 34.Qd6 
Ra8 35.Rb4 Qa7 36.Rd1 Rc8 37.h4 Nc2 38.Rg4 Kh8 39.Qc6 Qe7 1-0

[Event "44th World U20 ch"]
[Site "Istanbul TUR"]
[Date "2005.11.22"]
[Round "13.25"]
[White "Samakov, Nurdin"]
[Black "Papin, Vasily"]
[Result "0-1"]
[WhiteElo "2209"]
[BlackElo "2425"]
[EventDate "2005.11.09"]
[PlyCount "70"]

1.e4 c5 2.Nf3 e6 3.c4 a6 4.Nc3 Qc7 5.Be2 b6 6.O-O Bb7 7.d4 cxd4 8.Nxd4 Nf6
9.Qd3 d6 10.f4 Nbd7 11.Bf3 Rc8 12.b3 b5 13.Nd5 exd5 14.exd5 Be7 15.Re1 
bxc4 16.bxc4 Nc5 17.Qe2 O-O 18.Nf5 Bd8 19.Bb2 Rb8 20.Bd4 Bc8 21.Nxg7 Kxg7 
22.Qf2 Qd7 23.g4 Kg8 24.Re3 Ne8 25.Rae1 Bf6 26.Bxf6 Nxf6 27.Qh4 Qd8 28.Re7
Ncd7 29.g5 Rb1 30.gxf6 Rxe1+ 31.Kf2 Qb6+ 32.Kxe1 Qb1+ 33.Bd1 Qg6 34.Re3 
Qxf6 35.Qh5 Qxf4 0-1

[Event "44th World U20 ch"]
[Site "Istanbul TUR"]
[Date "2005.11.22"]
[Round "13.28"]
[White "Grecescu, Gabriel-Andrei"]
[Black "Kurmann, Oliver"]
[Result "1-0"]
[WhiteElo "2380"]
[BlackElo "2287"]
[EventDate "2005.11.09"]
[PlyCount "149"]

1.c4 Nf6 2.g3 c6 3.Bg2 d5 4.Nf3 dxc4 5.a4 Na6 6.Na3 Qd5 7.O-O Be6 8.h4 Qc5
9.Qc2 Bd5 10.Ng5 Bxg2 11.Kxg2 h6 12.Nf3 e6 13.Qxc4 Be7 14.d3 O-O 15.b3 
Rfd8 16.Bb2 Qd5 17.Nc2 Nc5 18.Ba3 Rd7 19.Rfb1 Qxc4 20.bxc4 a5 21.Bxc5 Bxc5
22.Rb3 Be7 23.Rab1 Ra7 24.Ne5 Rc7 25.d4 Nd7 26.Nxd7 Rxd7 27.e4 e5 28.d5 
Bc5 29.f4 f6 30.Kf3 Kf7 31.f5 cxd5 32.cxd5 b6 33.Rc3 Rac7 34.Ke2 Rd8 35.h5
Rdc8 36.Kd3 Ke7 37.Rbb3 Kd7 38.Rc4 Bf2 39.Rxc7+ Rxc7 40.g4 Kc8 41.Rc3 Bc5 
42.Na3 Bb4 43.Rxc7+ Kxc7 44.Nb5+ Kb7 45.Kc4 Bc5 46.Nc3 Bd4 47.Ne2 Bc5 48.
Kb5 Bb4 49.Nc1 Ba3 50.Nd3 Kc7 51.Ne1 Bc5 52.Nf3 Bf2 53.Nd2 Kb7 54.Nc4 Bg1 
55.d6 Bd4 56.d7 Kc7 57.Nxb6 Bf2 58.Nd5+ Kxd7 59.Kxa5 Kc6 60.Kb4 Be1+ 61.
Kc4 Bd2 62.Ne7+ Kd7 63.Ng6 Kc6 64.Nf8 Ba5 65.Ne6 Be1 66.Nxg7 Bd2 67.Ne8 
Bg5 68.a5 Kd7 69.Ng7 Kc6 70.Ne6 Bd2 71.a6 Be3 72.Ng7 Bg5 73.Ne8 Bh4 74.a7 
Kb7 75.Kd5 1-0

[Event "44th World U20 ch"]
[Site "Istanbul TUR"]
[Date "2005.11.22"]
[Round "13.29"]
[White "Xie, George Wendi"]
[Black "Kvon, Andrei"]
[Result "0-1"]
[WhiteElo "2340"]
[BlackElo "2293"]
[EventDate "2005.11.09"]
[PlyCount "62"]

1.e4 c5 2.Nc3 d6 3.f4 Nc6 4.Nf3 g6 5.Bb5 Bd7 6.O-O Bg7 7.d3 e6 8.f5 Nd4 9.
Bg5 f6 10.Nxd4 cxd4 11.fxe6 Bxb5 12.Nxb5 Qb6 13.a4 a6 14.Na3 fxg5 15.Rf7 
Be5 16.Nc4 Qc6 17.Qf3 O-O-O 18.Na5 Qb6 19.b4 Qxb4 20.Nxb7 Re8 21.Rd7 Nf6 
22.Nxd6+ Bxd6 23.Qxf6 Rhf8 24.Qg7 Rxe6 25.c3 Qb2 26.Rf1 Rxf1+ 27.Kxf1 Qc1+
28.Ke2 Qe3+ 29.Kf1 Qxd3+ 30.Kf2 Qe3+ 31.Kf1 Qf4+ 0-1

[Event "44th World U20 ch"]
[Site "Istanbul TUR"]
[Date "2005.11.22"]
[Round "13.30"]
[White "Aleskerov, Faik"]
[Black "Moosavian, Seyed Hamed"]
[Result "1-0"]
[WhiteElo "2321"]
[BlackElo "2263"]
[EventDate "2005.11.09"]
[PlyCount "51"]

1.d4 d5 2.Nf3 Bf5 3.g3 e6 4.Bg2 Bd6 5.O-O Nd7 6.Nh4 Bg4 7.Qe1 c6 8.c4 dxc4
9.h3 Bh5 10.e4 Nb6 11.d5 cxd5 12.exd5 Qe7 13.dxe6 fxe6 14.Qa5 Nf6 15.Bg5 
Be2 16.Re1 Bd3 17.Qb5+ Kf7 18.Nc3 Qc7 19.Bxf6 gxf6 20.Be4 Bc5 21.Kg2 a6 
22.Qa5 f5 23.Bxd3 cxd3 24.Nf3 Be7 25.Ne5+ Kf6 26.Qxb6 1-0

[Event "44th World U20 ch"]
[Site "Istanbul TUR"]
[Date "2005.11.22"]
[Round "13.31"]
[White "Zeynalov, Farid"]
[Black "Can, Emre"]
[Result "1/2-1/2"]
[WhiteElo "2179"]
[BlackElo "2287"]
[EventDate "2005.11.09"]
[PlyCount "138"]

1.d4 d5 2.Nf3 Nf6 3.e3 e6 4.b3 Bb4+ 5.Bd2 Be7 6.Bd3 c5 7.O-O O-O 8.c3 b6 
9.Qe2 Bb7 10.Bc1 Nc6 11.Nbd2 Qc7 12.Bb2 e5 13.e4 dxe4 14.Nxe4 Nxe4 15.Bxe4
exd4 16.Qc2 h6 17.cxd4 Nb4 18.Qb1 Bxe4 19.Qxe4 Bf6 20.a3 Rfe8 21.Qb1 Nd5 
22.dxc5 Qxc5 23.Rc1 Qd6 24.Rd1 Rad8 25.h3 Qf4 26.Ra2 Nc3 27.Bxc3 Bxc3 28.
Rc2 Bf6 29.Rcd2 Qc7 30.Rd3 g6 31.a4 a6 32.R1d2 Rxd3 33.Qxd3 Qc1+ 34.Rd1 
Qc8 35.Qd7 Qxd7 36.Rxd7 Rd8 37.Ra7 a5 38.Rb7 Rd6 39.Kf1 Kg7 40.Ke2 Bc3 41.
Rc7 Bd4 42.Rc2 Bc5 43.Rd2 Kf6 44.Rxd6+ Bxd6 45.Nd2 Ke6 46.Kd3 Kd5 47.Nc4 
Bc7 48.Ne3+ Kc5 49.Ng4 h5 50.Nf6 b5 51.axb5 Kxb5 52.Ne4 Kb4 53.Kc2 Bf4 54.
g3 Be5 55.Ng5 Bd4 56.f3 f6 57.Ne4 f5 58.Ng5 Bf2 59.g4 hxg4 60.hxg4 fxg4 
61.fxg4 Bh4 62.Ne4 a4 63.bxa4 Kxa4 64.Kd3 Kb5 65.Kd4 Kc6 66.Ke5 Kd7 67.Kf4
Ke7 68.Ng5 Kf6 69.Nf3 Bf2 1/2-1/2

[Event "44th World U20 ch"]
[Site "Istanbul TUR"]
[Date "2005.11.22"]
[Round "13.37"]
[White "Jessel, Stephen"]
[Black "Bekkat, Azeddinne"]
[Result "1-0"]
[WhiteElo "2304"]
[BlackElo "2202"]
[EventDate "2005.11.09"]
[PlyCount "111"]

1.e4 c5 2.Nf3 d6 3.d4 cxd4 4.Nxd4 Nf6 5.Nc3 g6 6.Be3 Bg7 7.f3 O-O 8.Qd2 
Nc6 9.O-O-O d5 10.exd5 Nxd5 11.Nxc6 bxc6 12.Bd4 Bxd4 13.Qxd4 Be6 14.Bc4 
Qa5 15.Bxd5 Rfd8 16.Qa4 Qxa4 17.Nxa4 Rxd5 18.Nc3 Rdd8 19.Ne4 Rd5 20.Nc3 
Rdd8 21.b3 c5 22.Kb2 Rab8 23.Rxd8+ Rxd8 24.Rd1 Rc8 25.Ka3 Kf8 26.Ka4 Ke8 
27.Kb5 Rc7 28.Nd5 Bd7+ 29.Ka5 Rc6 30.c4 Kd8 31.Nc3 Rd6 32.Rxd6 exd6 33.Ka6
Kc7 34.Nb5+ Kc6 35.Nxa7+ Kc7 36.Nb5+ Kc6 37.Nc3 h6 38.Ka7 Bf5 39.Kb8 g5 
40.a4 Kb6 41.Nd5+ Ka5 42.Kc7 Bc2 43.Kxd6 Bxb3 44.Kxc5 Kxa4 45.Nf6 Bd1 46.
Kb6 Bb3 47.c5 Be6 48.c6 Kb4 49.c7 Kc4 50.Kc6 Bc8 51.Ng4 h5 52.Ne5+ Kd4 53.
Nxf7 g4 54.f4 Ke3 55.Nd6 Ba6 56.Kb6 1-0

[Event "44th World U20 ch"]
[Site "Istanbul TUR"]
[Date "2005.11.22"]
[Round "13.38"]
[White "Wei Chenpeng"]
[Black "Tulay Berkay, Kamber"]
[Result "1/2-1/2"]
[WhiteElo "2390"]
[BlackElo "2179"]
[EventDate "2005.11.09"]
[PlyCount "45"]

1.e4 c5 2.Nf3 e6 3.c4 a6 4.Nc3 Qc7 5.Be2 d6 6.d4 cxd4 7.Nxd4 Nf6 8.O-O Be7
9.Be3 O-O 10.Qd2 Nbd7 11.Rfd1 b6 12.f3 Bb7 13.Bf1 Rfe8 14.a3 Rac8 15.b4 
Bf8 16.Qf2 Qb8 17.Rac1 d5 18.cxd5 exd5 19.Nxd5 Nxd5 20.exd5 Rxc1 21.Bxc1 
Nf6 22.Qh4 Nxd5 23.Bd3 1/2-1/2

[Event "44th World U20 ch"]
[Site "Istanbul TUR"]
[Date "2005.11.22"]
[Round "13.40"]
[White "Cil, Hasan Kivanc"]
[Black "Tanrikulu, Secim Erhan"]
[Result "0-1"]
[WhiteElo "2067"]
[BlackElo "2151"]
[EventDate "2005.11.09"]
[PlyCount "116"]

1.e4 e5 2.Nf3 Nc6 3.Bb5 a6 4.Ba4 b5 5.Bb3 d6 6.c3 Be7 7.h3 Nf6 8.Qe2 O-O 
9.O-O Na5 10.Bc2 c5 11.d4 Qc7 12.Nbd2 cxd4 13.Nb3 dxc3 14.bxc3 Be6 15.Rd1 
Nxb3 16.Bxb3 Bxb3 17.axb3 Qxc3 18.Bg5 Rfd8 19.Rac1 Qxb3 20.Rc7 Qe6 21.Nh4 
Rdc8 22.Rxe7 Qxe7 23.Nf5 Qe6 24.Rxd6 Qc4 25.Qd1 Nxe4 26.Ne7+ Kh8 27.Nxc8 
Nxd6 28.Nb6 Qd4 29.Qxd4 exd4 30.Nxa8 b4 31.Nb6 b3 32.Bc1 d3 33.Na4 Nc4 34.
Kf1 d2 35.Bxd2 Nxd2+ 36.Ke2 Nc4 37.Kd3 b2 38.Kc2 g6 39.Nc3 a5 40.Kb3 Ne5 
41.Kxb2 Nd3+ 42.Kb3 Nxf2 43.Ka4 Nd3 44.Ne2 Kg7 45.Kxa5 Kf6 46.Kb5 Ke5 47.
g3 Ke4 48.Kc4 Nf2 49.Ng1 Nh1 50.g4 f5 51.gxf5 gxf5 52.h4 f4 53.Nh3 f3 54.
Ng5+ Ke3 55.Nh3 f2 56.Nxf2 Nxf2 57.Kd5 Kf4 58.Ke6 h5 0-1

[Event "44th World U20 ch"]
[Site "Istanbul TUR"]
[Date "2005.11.22"]
[Round "13.41"]
[White "Stander, Heinrich"]
[Black "Uzun, Fuat"]
[Result "1/2-1/2"]
[WhiteElo "2128"]
[BlackElo "2070"]
[EventDate "2005.11.09"]
[PlyCount "120"]

1.e4 Nf6 2.e5 Nd5 3.d4 d6 4.Nf3 dxe5 5.Nxe5 g6 6.Bc4 c6 7.O-O Bg7 8.Nf3 
O-O 9.Be2 Bf5 10.a3 Qc7 11.Bd3 Bxd3 12.Qxd3 Nd7 13.c4 N5b6 14.Nc3 Rad8 15.
Rd1 Ne5 16.Nxe5 Bxe5 17.c5 Nc8 18.Qe4 Bg7 19.Bf4 Qd7 20.Rd2 Qf5 21.Qxf5 
gxf5 22.Rad1 e6 23.Be5 f6 24.Bf4 Rd7 25.b4 Rfd8 26.Na4 e5 27.dxe5 Rxd2 28.
Rxd2 Rxd2 29.Bxd2 fxe5 30.Nb2 Kf7 31.Nc4 b5 32.cxb6 axb6 33.Bc3 Ke6 34.f4 
Kd5 35.Nxe5 b5 36.Kf2 Nd6 37.Kf3 h6 38.g4 fxg4+ 39.Kxg4 Ke4 40.Be1 Nc4 41.
Nxc4 bxc4 42.a4 c3 43.b5 c2 44.Bd2 cxb5 45.axb5 Bd4 46.Bc1 Be3 47.Bb2 Bxf4
48.h4 Be3 49.h5 Kd3 50.Kf3 Bb6 51.Bc1 Ba5 52.Bb2 Kc4 53.Ke2 Bd8 54.Bc1 
Kxb5 55.Kd3 Kc5 56.Kxc2 Kd5 57.Bxh6 Ke6 58.Kd3 Kf5 59.Bg7 Bg5 60.Ke2 Kg4 
1/2-1/2

[Event "44th World U20 ch"]
[Site "Istanbul TUR"]
[Date "2005.11.22"]
[Round "13.42"]
[White "Acuner, Emrah"]
[Black "Shlykov, Vitali"]
[Result "0-1"]
[WhiteElo "1903"]
[BlackElo "2238"]
[EventDate "2005.11.09"]
[PlyCount "78"]

1.d4 Nf6 2.c4 g6 3.Nc3 Bg7 4.e4 d6 5.f3 O-O 6.Be3 e5 7.d5 Nh5 8.Qd2 f5 9.
Bd3 a6 10.Nge2 Nd7 11.O-O-O b5 12.cxb5 fxe4 13.fxe4 Nf4 14.Bc4 Nxg2 15.Bg5
Qe8 16.bxa6 Nc5 17.h4 Bxa6 18.Bxa6 Rxa6 19.Kb1 Nf4 20.Rdf1 Rb6 21.Bxf4 
exf4 22.Ka1 Nxe4 23.Qd3 Nc5 24.Qf3 Qe5 25.h5 g5 26.h6 Bf6 27.Rhg1 Kh8 28.
Rd1 Rfb8 29.Rd2 Qf5 30.Ng3 Qg6 31.Nge2 Ra6 32.Nc1 Qf5 33.Re1 g4 34.Qe2 Be5
35.Qc4 Rab6 36.a3 Qf6 37.Ka2 Rxb2+ 38.Rxb2 Rxb2+ 39.Ka1 Rb8 0-1